Behaviology : new science of human behavior / by researcher and scientist Eddie Rafii. (Record no. 20567)

000 -LEADER
fixed length control field 00564nam a22001577a 4500
020 ## - INTERNATIONAL STANDARD BOOK NUMBER
ISBN 9798516360244
082 ## - DEWEY DECIMAL CLASSIFICATION NUMBER
Classification number 152.95
Item number R138 2019
100 ## - MAIN ENTRY--AUTHOR NAME
Personal name Rafii Eddie, author.
245 ## - TITLE STATEMENT
Title Behaviology : new science of human behavior / by researcher and scientist Eddie Rafii.
250 ## - EDITION STATEMENT
Edition statement Third edition.
260 ## - PUBLICATION, DISTRIBUTION, ETC. (IMPRINT)
Place of publication [Place of publication not identified] :
Name of publisher [Name of publisher not identified],
Year of publication ©2019.
300 ## - PHYSICAL DESCRIPTION
Number of Pages 1 online resource, xx :
Other physical details some color illustrations.
500 ## - GENERAL NOTE
General note Includes bibliographical references.
650 ## - SUBJECT ADDED ENTRY--TOPICAL TERM
Topical Term Behaviology.
942 ## - ADDED ENTRY ELEMENTS (KOHA)
Koha item type Electronic Books
Holdings
Source of acquisition Permanent Location Date acquired Collection code Koha item type Lost status Shelving location Withdrawn status Current Location Full call number
DonationCagayan State University - Carig Library2025-05-24E-BooksElectronic Books E-Resource Section Cagayan State University - Carig Library152.95 R138 2019

Cagayan State University University Library, Carig Campus
Tuguegarao City, Cagayan 3500 | www.csucarig.edu.ph

Powered by Koha